[Event "Rowy op 09"]
[Site "Rowy"]
[Date "2012.09.??"]
[Round "2"]
[White "Pioch, Zygmunt"]
[Black "Borowski, Jaroslaw"]
[Result "1/2-1/2"]
[WhiteElo "2120"]
[BlackElo "1977"]
[PlyCount "72"]
[EventDate "2012.09.??"]
[EventType "swiss"]
[EventRounds "9"]
[EventCountry "POL"]
[SourceTitle "EXT 2014"]
[Source "ChessBase"]
[SourceDate "2013.11.20"]
[SourceVersion "1"]
[SourceVersionDate "2013.11.20"]
[SourceQuality "1"]

1. e4 e6 2. d4 d5 3. e5 c5 4. c3 Nc6 5. Nf3 Qb6 6. Be2 cxd4 7. cxd4 Nh6 8. b3 Nf5 9. Bb2 Bb4+ 10. Kf1 h5 11. h4 Bd7 12. g3 a5 13. Kg2 Rc8 14. a3 Be7 15. Re1 g6 16. Ra2 0-0 17. Ba1 Rc7 18. Nc3 Na7 19. Bd3 Nb5 20. Nxb5 Bxb5 21. Bxf5 exf5 22. Qd2 Rfc8 23. Ng5 Bd7 24. e6 Bxe6 25. Nxe6 fxe6 26. Qh6 Kf7 27. Rae2 Bf8 28. Qh7+ Bg7 29. Rxe6 Qxe6 30. Rxe6 Kxe6 31. Qxg6+ Bf6 32. Qxh5 Rc2 33. Qf3 Rc1 34. Qe3+ Kf7 35. Qf3 Ke6 36. Qe2+ Kf7 1/2-1/2

[Event "Rowy op 09"]
[Site "Rowy"]
[Date "2012.09.??"]
[Round "7"]
[White "Relidzynski, Tadeusz"]
[Black "Pioch, Zygmunt"]
[Result "0-1"]
[WhiteElo "1913"]
[BlackElo "2120"]
[PlyCount "64"]
[EventDate "2012.09.??"]
[EventType "swiss"]
[EventRounds "9"]
[EventCountry "POL"]
[SourceTitle "EXT 2014"]
[Source "ChessBase"]
[SourceDate "2013.11.20"]
[SourceVersion "1"]
[SourceVersionDate "2013.11.20"]
[SourceQuality "1"]

1. e4 e5 2. Nf3 Nc6 3. Bb5 a6 4. Ba4 Nf6 5. 0-0 Be7 6. Re1 b5 7. Bb3 d6 8. c3 0-0 9. h3 Qd7 10. d4 Re8 11. Nbd2 Bf8 12. Bc2 Bb7 13. Nf1 exd4 14. cxd4 Nb4 15. Ng3 Nxc2 16. Qxc2 h6 17. Bd2 c5 18. dxc5 dxc5 19. Bc3 Qe6 20. Bxf6 Qxf6 21. e5 Qe6 22. Ne4 Rad8 23. Nxc5 Bxc5 24. Qxc5 Bxf3 25. gxf3 Qxh3 26. Re4 Qxf3 27. Qe3 Qh5 28. Re1 Re6 29. a4 bxa4 30. Rxa4 Rg6+ 31. Kf1 Rd1 32. Re4 Qh1+ 0-1

[Event "Rowy op 09"]
[Site "Rowy"]
[Date "2012.09.??"]
[Round "3"]
[White "Zieba, Teofil"]
[Black "Pioch, Zygmunt"]
[Result "0-1"]
[WhiteElo "1772"]
[BlackElo "2120"]
[PlyCount "48"]
[EventDate "2012.09.??"]
[EventType "swiss"]
[EventRounds "9"]
[EventCountry "POL"]
[SourceTitle "EXT 2014"]
[Source "ChessBase"]
[SourceDate "2013.11.20"]
[SourceVersion "1"]
[SourceVersionDate "2013.11.20"]
[SourceQuality "1"]

1. e4 e5 2. Nf3 Nc6 3. Bb5 a6 4. Ba4 Nf6 5. 0-0 Be7 6. Re1 b5 7. Bb3 d6 8. c3 Bg4 9. d3 0-0 10. Nbd2 Na5 11. Bc2 c5 12. Nf1 h6 13. Ng3 Rc8 14. h3 Be6 15. Nh2 Nc6 16. Be3 d5 17. exd5 Nxd5 18. d4 Nxe3 19. Rxe3 cxd4 20. Qd3 f5 21. cxd4 Nb4 22. Qe2 Nxc2 23. Rxe5 Nxd4 24. Qd1 Bf6 0-1

[Event "Gdansk op 14th"]
[Site "Gdansk"]
[Date "2012.07.27"]
[Round "7"]
[White "Pioch, Zygmunt"]
[Black "Kempinski, Tomasz"]
[Result "0-1"]
[WhiteElo "2120"]
[BlackElo "2204"]
[PlyCount "116"]
[EventDate "2012.07.22"]
[EventType "swiss"]
[EventRounds "9"]
[EventCountry "POL"]
[SourceTitle "CBM 149 Extra"]
[Source "ChessBase"]
[SourceDate "2012.08.24"]
[SourceVersion "1"]
[SourceVersionDate "2012.08.24"]
[SourceQuality "1"]

1. e4 c5 2. Nf3 d6 3. d4 cxd4 4. Nxd4 Nf6 5. Nc3 e5 6. Nb3 Nc6 7. f3 Be7 8. Be3 0-0 9. Qd2 a5 10. Na4 Be6 11. Nb6 Rb8 12. 0-0-0 Qc7 13. Kb1 Rfd8 14. c4 Bf8 15. Rc1 Ne8 16. Nd5 Qd7 17. Nxa5 f5 18. Nb3 Qf7 19. Bd3 fxe4 20. fxe4 h6 21. Rcf1 Qg6 22. Rf3 Rd7 23. Rhf1 Rf7 24. Qf2 Ne7 25. Bd2 Rxf3 26. Qxf3 Bf7 27. Nc1 Qe6 28. h4 Nc6 29. Ne2 Qd7 30. Be3 Nc7 31. Qxf7+ Qxf7 32. Rxf7 Kxf7 33. Nxc7 Nb4 34. Bc2 Rc8 35. Bb6 Be7 36. Bb3 Bxh4 37. a3 Nd3 38. c5+ Ke7 39. Nd5+ Kd7 40. cxd6 Kxd6 41. Be3 Bf2 42. Bd2 Be1 43. Bxe1 Nxe1 44. Ne3 Kc5 45. g4 Nf3 46. Bd5 b5 47. Nf5 Rc7 48. b4+ Kb6 49. Kb2 Nh2 50. Ne3 g6 51. Be6 Rg7 52. Nc3 h5 53. Ncd5+ Kc6 54. Nf6 h4 55. Bb3 Nf3 56. Bd1 Ng5 57. a4 h3 58. axb5+ Kb7 0-1

[Event "Gdansk op 12th "]
[Site "Gdansk"]
[Date "2010.07.20"]
[Round "5"]
[White "Suliborski, Jakub"]
[Black "Pioch, Zygmunt"]
[Result "0-1"]
[WhiteElo "1893"]
[BlackElo "2171"]
[PlyCount "60"]
[EventDate "2010.07.17"]
[EventType "swiss"]
[EventRounds "9"]
[EventCountry "POL"]
[SourceTitle "EXT 2011"]
[Source "ChessBase"]
[SourceDate "2010.11.26"]
[SourceVersion "1"]
[SourceVersionDate "2010.11.26"]
[SourceQuality "1"]

1. e4 e5 2. f4 exf4 3. Nf3 Ne7 4. Nc3 d5 5. d4 dxe4 6. Nxe4 Nd5 7. Bd3 Be7 8. 0-0 0-0 9. Nc3 Ne3 10. Bxe3 fxe3 11. Ne5 e2 12. Nxe2 Nc6 13. Nxc6 bxc6 14. Be4 Rb8 15. b3 c5 16. Qd3 g6 17. d5 Bd6 18. c4 Qh4 19. g3 Qh6 20. Nf4 Bd7 21. Rae1 Rfe8 22. Qf3 Re7 23. Re2 Rbe8 24. Rfe1 Qg7 25. Bd3 Rxe2 26. Rxe2 Rxe2 27. Bxe2 Qa1+ 28. Kf2 Be5 29. Qd3 Bd4+ 30. Kf3 Qg1 0-1

[Event "Gdansk op 12th "]
[Site "Gdansk"]
[Date "2010.07.18"]
[Round "3"]
[White "Kurzepa, Bartlomiej"]
[Black "Pioch, Zygmunt"]
[Result "1/2-1/2"]
[WhiteElo "1634"]
[BlackElo "2171"]
[PlyCount "39"]
[EventDate "2010.07.17"]
[EventType "swiss"]
[EventRounds "9"]
[EventCountry "POL"]
[SourceTitle "EXT 2011"]
[Source "ChessBase"]
[SourceDate "2010.11.26"]
[SourceVersion "1"]
[SourceVersionDate "2010.11.26"]
[SourceQuality "1"]

1. b3 d5 2. Bb2 c5 3. e3 Nc6 4. Nf3 Bg4 5. h3 Bh5 6. Be2 e6 7. d3 Nf6 8. Nbd2 h6 9. 0-0 Be7 10. Ne5 Bxe2 11. Qxe2 Nxe5 12. Bxe5 0-0 13. Rad1 Nd7 14. Ba1 Bf6 15. Bxf6 Qxf6 16. Nf3 b5 17. c4 bxc4 18. dxc4 Nb6 19. cxd5 exd5 20. Qb5 1/2-1/2

[Event "Rowy Seniors-ch 15th"]
[Site "Rowy"]
[Date "2009.09.16"]
[Round "9"]
[White "Olejarczyk, Bogdan"]
[Black "Pioch, Zygmunt"]
[Result "1/2-1/2"]
[WhiteElo "2143"]
[BlackElo "2165"]
[PlyCount "60"]
[EventDate "2009.09.08"]
[EventType "swiss"]
[EventRounds "9"]
[EventCountry "POL"]
[SourceTitle "EXT 2010"]
[Source "ChessBase"]
[SourceDate "2010.11.25"]
[SourceVersion "1"]
[SourceVersionDate "2010.11.25"]
[SourceQuality "1"]

1. d4 Nf6 2. Nf3 b6 3. Bf4 Bb7 4. e3 g6 5. h3 Bg7 6. Nbd2 d6 7. Bd3 Nbd7 8. 0-0 0-0 9. Re1 Re8 10. e4 Nh5 11. Be3 c5 12. c3 Qc7 13. Rc1 Rac8 14. Nf1 Nhf6 15. N1d2 cxd4 16. cxd4 Qxc1 17. Qxc1 Rxc1 18. Rxc1 Rc8 19. Rxc8+ Bxc8 20. Kf1 Bb7 21. Ke2 a6 22. Ne1 Ne8 23. Nc2 e5 24. Nc4 d5 25. Nd2 dxe4 26. Bxe4 Bxe4 27. Nxe4 f5 28. Ng5 exd4 29. Bxd4 Bxd4 30. Nxd4 Nc7 1/2-1/2

[Event "Gdansk op"]
[Site "Gdansk"]
[Date "2009.07.25"]
[Round "8"]
[White "Pioch, Zygmunt"]
[Black "Zielinski, Maciej"]
[Result "1/2-1/2"]
[WhiteElo "2183"]
[BlackElo "1888"]
[PlyCount "58"]
[EventDate "2009.07.19"]
[EventType "swiss"]
[EventRounds "9"]
[EventCountry "POL"]
[SourceTitle "CBM 131 Extra"]
[Source "ChessBase"]
[SourceDate "2009.09.03"]
[SourceVersion "2"]
[SourceVersionDate "2009.09.16"]
[SourceQuality "1"]

1. e4 e5 2. Nf3 Nc6 3. Bb5 a6 4. Ba4 d6 5. c3 Bd7 6. 0-0 g6 7. d4 Bg7 8. d5 Nce7 9. c4 h6 10. Nc3 f5 11. Re1 Nf6 12. c5 0-0 13. Bxd7 Qxd7 14. cxd6 cxd6 15. Qb3 Kh7 16. h3 fxe4 17. Nd2 Nf5 18. Ndxe4 Nxe4 19. Nxe4 Nd4 20. Qd3 Qf7 21. Be3 Qxd5 22. Red1 Qe6 23. Rd2 Rac8 24. Bxd4 exd4 25. Ng3 Qc4 26. Qa3 Qc5 27. Qb3 b5 28. Rad1 Qc4 29. Ne2 Qxb3 1/2-1/2

[Event "Police Gniota Memorial 24th"]
[Site "Police"]
[Date "2009.07.15"]
[Round "8"]
[White "Sopur, Lech"]
[Black "Pioch, Zygmunt"]
[Result "1-0"]
[WhiteElo "2425"]
[BlackElo "2183"]
[PlyCount "89"]
[EventDate "2009.07.08"]
[EventType "swiss"]
[EventRounds "9"]
[EventCountry "POL"]
[SourceTitle "CBM 131 Extra"]
[Source "ChessBase"]
[SourceDate "2009.09.03"]
[SourceVersion "2"]
[SourceVersionDate "2009.09.16"]
[SourceQuality "1"]

1. d4 Nf6 2. c4 e6 3. Nf3 b6 4. g3 Ba6 5. b3 Bb7 6. Bg2 Bb4+ 7. Bd2 a5 8. 0-0 0-0 9. Qc2 d6 10. Bg5 a4 11. bxa4 Nbd7 12. Qb3 Ba5 13. Rd1 Qb8 14. Na3 Ne4 15. Rac1 Nxg5 16. Nxg5 Bxg2 17. Kxg2 h6 18. Nf3 Re8 19. Qb5 Qd8 20. c5 d5 21. cxb6 Bxb6 22. Qc6 Ra5 23. Rb1 Nf6 24. Ne5 Qa8 25. Rb4 Qa6 26. Nb5 Rc8 27. a3 Rxa4 28. Nxc7 Rxb4 29. Nxa6 Rxc6 30. axb4 Rc2 31. Kf1 Ne4 32. Nc5 Nc3 33. Ra1 f6 34. Ra8+ Kh7 35. Ned7 Bxc5 36. dxc5 Kg6 37. c6 Rc1+ 38. Kg2 Nxe2 39. Nc5 Rg1+ 40. Kh3 Kh5 41. Nxe6 g5 42. f3 f5 43. Ng7+ Kg6 44. Nxf5 Kxf5 45. c7 1-0

[Event "Police Gniota Memorial 24th"]
[Site "Police"]
[Date "2009.07.11"]
[Round "5"]
[White "Pioch, Zygmunt"]
[Black "Jacek, Krystian"]
[Result "1-0"]
[WhiteElo "2183"]
[BlackElo "2034"]
[PlyCount "53"]
[EventDate "2009.07.08"]
[EventType "swiss"]
[EventRounds "9"]
[EventCountry "POL"]
[SourceTitle "CBM 131 Extra"]
[Source "ChessBase"]
[SourceDate "2009.09.03"]
[SourceVersion "2"]
[SourceVersionDate "2009.09.16"]
[SourceQuality "1"]

1. e4 c5 2. Nf3 d6 3. d4 cxd4 4. Nxd4 Nf6 5. Nc3 e6 6. Be2 a6 7. a4 Qc7 8. 0-0 b6 9. f4 Bb7 10. Bf3 Nbd7 11. Kh1 Be7 12. Qe2 0-0 13. Be3 Nc5 14. Bf2 Rad8 15. Bg3 Rfe8 16. Rad1 Qc8 17. Be1 Qa8 18. e5 Nfe4 19. Nxe4 Bxe4 20. Bxe4 Nxe4 21. b4 Rd7 22. f5 dxe5 23. fxe6 fxe6 24. Nxe6 Rxd1 25. Qxd1 Qc6 26. Qf3 Bf6 27. Ng5 1-0

[Event "Police Gniota Memorial 24th"]
[Site "Police"]
[Date "2009.07.10"]
[Round "3"]
[White "Pioch, Zygmunt"]
[Black "Shilov, Sergej"]
[Result "0-1"]
[WhiteElo "2183"]
[BlackElo "2211"]
[PlyCount "56"]
[EventDate "2009.07.08"]
[EventType "swiss"]
[EventRounds "9"]
[EventCountry "POL"]
[SourceTitle "CBM 131 Extra"]
[Source "ChessBase"]
[SourceDate "2009.09.03"]
[SourceVersion "2"]
[SourceVersionDate "2009.09.16"]
[SourceQuality "1"]

1. e4 g6 2. d4 Bg7 3. Nc3 d6 4. Be3 a6 5. a4 Nf6 6. h3 0-0 7. Nf3 c5 8. Be2 cxd4 9. Nxd4 Nc6 10. 0-0 Bd7 11. Nb3 Na5 12. Nxa5 Qxa5 13. f4 Rac8 14. Bd4 Be6 15. e5 dxe5 16. Bxe5 Rfd8 17. Qc1 Nd5 18. Nxd5 Rxd5 19. Bxg7 Kxg7 20. c3 Qb6+ 21. Kh2 Rcd8 22. Bf3 Rd2 23. b4 Qe3 24. Bxb7 Qxh3+ 25. Kg1 Qe3+ 26. Kh1 Bd5 27. Bxd5 R8xd5 28. f5 Qe2 0-1

[Event "Katy Rybackie op"]
[Site "Katy Rybackie"]
[Date "2009.06.16"]
[Round "3"]
[White "Galicki, Ryszard"]
[Black "Pioch, Zygmunt"]
[Result "1/2-1/2"]
[WhiteElo "1997"]
[BlackElo "2183"]
[PlyCount "47"]
[EventDate "2009.06.14"]
[EventType "swiss"]
[EventRounds "9"]
[EventCountry "POL"]
[SourceTitle "CBM 131 Extra"]
[Source "ChessBase"]
[SourceDate "2009.09.03"]
[SourceVersion "2"]
[SourceVersionDate "2009.09.16"]
[SourceQuality "1"]

1. e4 e5 2. Nf3 Nc6 3. Bb5 a6 4. Bxc6 dxc6 5. 0-0 Qd6 6. Na3 Be6 7. c3 c5 8. Nc2 Bc4 9. Re1 Bd3 10. Re3 Nf6 11. Nce1 Bb5 12. d4 Ng4 13. a4 Nxe3 14. fxe3 Bc6 15. Qb3 cxd4 16. exd4 exd4 17. Ng5 Qg6 18. Nef3 Bd6 19. e5 Be7 20. Nh4 Qh5 21. Nf5 Qg6 22. Nh4 Qh5 23. Nf5 Qg6 24. Nh4 1/2-1/2

[Event "Koszalin op"]
[Site "Koszalin"]
[Date "2009.01.19"]
[Round "3"]
[White "Pioch, Zygmunt"]
[Black "Kanarek, Marcel"]
[Result "0-1"]
[WhiteElo "2195"]
[BlackElo "2453"]
[PlyCount "114"]
[EventDate "2009.01.18"]
[EventType "swiss"]
[EventRounds "9"]
[EventCountry "POL"]
[SourceTitle "CBM 128 Extra"]
[Source "ChessBase"]
[SourceDate "2009.03.05"]
[SourceVersion "2"]
[SourceVersionDate "2009.03.25"]
[SourceQuality "1"]

1. e4 c5 2. Nf3 Nc6 3. d4 cxd4 4. Nxd4 e5 5. Nb5 d6 6. c4 Be7 7. N1c3 a6 8. Na3 Be6 9. Bd3 Bg5 10. Nc2 Rc8 11. 0-0 Bxc1 12. Rxc1 Nf6 13. b4 0-0 14. Nd5 Bxd5 15. cxd5 Nd4 16. Nxd4 exd4 17. Rxc8 Qxc8 18. Qd2 Qc3 19. Qxc3 dxc3 20. Rc1 Rc8 21. f3 Nh5 22. Kf2 Nf4 23. Bf1 g5 24. Ke3 Kg7 25. Kd4 c2 26. g3 Ng6 27. Bd3 Ne5 28. Be2 Kf6 29. a4 Rc7 30. a5 Rc8 31. f4 gxf4 32. gxf4 Ng6 33. Bc4 Nxf4 34. Rxc2 Ng6 35. Rf2+ Ke7 36. Rb2 Ne5 37. Be2 Kd8 38. h3 Rc1 39. Bg4 Rc4+ 40. Ke3 Rc3+ 41. Ke2 Nc4 42. Rb1 Re3+ 43. Kf2 Rxe4 44. Rc1 f5 45. Bxf5 Rf4+ 46. Kg3 Rxf5 47. Rxc4 Rxd5 48. Rh4 h5 49. Rf4 Kd7 50. Rc4 Ke6 51. Kh4 Rb5 52. Rf4 Ke5 53. Kg5 d5 54. Rf5+ Ke4 55. Rf8 d4+ 56. Kh4 d3 57. Re8+ Re5 0-1

[Event "Rowy Veterans 14th"]
[Site "Rowy"]
[Date "2008.08.30"]
[Round "1.4"]
[White "Pioch, Zygmunt"]
[Black "Wrabel, Antoni"]
[Result "1-0"]
[WhiteElo "2180"]
[BlackElo "1905"]
[PlyCount "89"]
[EventDate "2008.08.30"]
[EventType "swiss"]
[EventRounds "9"]
[EventCountry "POL"]
[SourceTitle "EXT 2023"]
[Source "ChessBase"]
[SourceDate "2022.10.05"]
[SourceVersion "1"]
[SourceVersionDate "2022.10.05"]
[SourceQuality "1"]

1. e4 e5 2. Nf3 Nc6 3. Bb5 a6 4. Ba4 Nf6 5. 0-0 b5 6. Bb3 Bb7 7. Re1 Bc5 8. c3 Bb6 9. d4 d6 10. Bg5 0-0 11. a4 Qe7 12. d5 Nb8 13. axb5 axb5 14. Rxa8 Bxa8 15. Qd3 c6 16. dxc6 Bxc6 17. Bxf6 Qxf6 18. Bd5 Bd7 19. Na3 g5 20. Rf1 Na6 21. Nxb5 Nc5 22. Qe2 Rb8 23. Na3 Ne6 24. Bxe6 Bxe6 25. Nc4 g4 26. Nfd2 Bc7 27. b4 Ra8 28. Qd3 Rd8 29. Ne3 Qg5 30. Ra1 h5 31. Ndc4 h4 32. Nd5 Bxd5 33. Qxd5 g3 34. fxg3 hxg3 35. hxg3 Qxg3 36. Rf1 Rf8 37. Qd2 Bb8 38. Rf3 Ba7+ 39. Kf1 Qg6 40. Qe1 Rc8 41. Nxe5 Qe6 42. Qg3+ Kf8 43. Rxf7+ Qxf7+ 44. Nxf7 Kxf7 45. Qxd6 1-0